DENTAL EMBRYOLOGY,HISTOLOGY & ANATOMY (Record no. 3733)

MARC details
000 -LEADER
fixed length control field 00354nam a2200145Ia 4500
008 - FIXED-LENGTH DATA ELEMENTS--GENERAL INFORMATION
fixed length control field 150201s2006 xx 000 0 und d
082 ## - DEWEY DECIMAL CLASSIFICATION NUMBER
Classification number 611.313
Item number D2006B
100 ## - MAIN ENTRY--PERSONAL NAME
Personal name BALOGH MARRY BATH
245 ## - TITLE STATEMENT
Title DENTAL EMBRYOLOGY,HISTOLOGY & ANATOMY
250 ## - EDITION STATEMENT
Edition statement 2ND
260 ## - PUBLICATION, DISTRIBUTION, ETC. (IMPRINT)
Name of publisher, distributor, etc. ELSEVIER
Place of publication, distribution, etc. DELHI
Date of publication, distribution, etc. 2006
300 ## - PHYSICAL DESCRIPTION
Extent 1-404
650 ## - SUBJECT ADDED ENTRY--TOPICAL TERM
Topical term or geographic name as entry element ANATOMY
942 ## - ADDED ENTRY ELEMENTS (KOHA)
Source of classification or shelving scheme Dewey Decimal Classification
Koha item type Books
Holdings
Withdrawn status Lost status Source of classification or shelving scheme Damaged status Not for loan Home library Current library Date acquired Source of acquisition Cost, normal purchase price Serial Enumeration / chronology SGTU Bill Number Total Checkouts Full call number Barcode Date last seen Bill Date Koha item type Date last checked out
    Dewey Decimal Classification     SGT Dental Library SGT Dental Library 31/10/2007 U.B.S.DELHI 57.00 1 SGTU 709   611.313 D2006B FD4559 09/02/2015 01/09/2012 Books  
    Dewey Decimal Classification     SGT Dental Library SGT Dental Library 31/10/2007 U.B.S.DELHI 57.00 1 SGTU 709 1 611.313 D2006B FD4560 31/07/2025 01/09/2012 Books 23/07/2025